000 01269nam a2200325 a 4500
003 BLK
005 20250728142551.0
008 200114b bu |||||r|||| 00| 0 bu d
020 _a9786191994069
_q(Подв.)
020 _a3800083824831
040 _aBLK
041 _aBUL
_cBUL
080 _aДинозаври
_b568.1
_x(02.053.2)
_z568.1(02.053.2)
080 _aИздания за деца и юноши. Книжки-картинки. Читанки. Вж и 372.4
_b087.5
_z087.5
_9231478
084 _aД 62
240 _aDinosaurs
245 _aДинозаврите
_cпрев. Живко Николчев.
260 _9209475
_aСофия
_bФют
_c2019
_fМалайзия
300 _a[16] с.
_b с цв. ил.
_c23 см
380 _aDN
490 _9202512
_aИскам да знам...
_xISSN C623-853X
500 _aОриг. загл.: Dinosaurs. - Кн. отпеч. на ламиниран картон
650 7 _9153483
_aДинозаври
653 _9186344
_aенциклопедии
700 _aНиколчев, Живко Любомиров
_9344811
852 _bД
_cДН 5/Д 62
942 _cKNG
_n0
_s1
_04
944 _aCR
_c2020-01-14
_k30543
_lИва Цветкова
999 _c347693
_d347693